000 01706nam a22003377a 4500
003 DO-SdBNP
005 20250307073711.0
007 ta
008 140626s1992 dr a b 000 0 spa d
040 _aDO-SdBNP
_bspa
_cBNPHU
082 4 _aRD863.42
_bH519cu 1992
_222
100 1 _aHenríquez Ureña, Pedro,
_d1884-1946
_91718
245 1 4 _aLos cuentos de la Nana Lupe /
_cPedro Henríquez Ureña ; ilustraciones Braulio Brito Martínez... [et. al]
260 _aSanto Domingo :
_bTobogán,
_bAlfa y Omega
_c1992.
300 _a188p. :
_bil. ;
_c22 cm.
490 1 _aBiblioteca Juvenil Tobogán ;
_v3
500 _aIncluye datos biográficos del autor en la pagina 9-10.
500 _aLos cuentos de la nana Lupe, de Pedro Henríquez Ureña, obra de Biblioteca Juvenil TOBOGAN, se publican gracias al patrocinio de: Campamento para niños CASA DE CAMPO.
505 0 _tPresentación --
_tPedro Henríquez Ureña --
_tEn los volcanes --
_tEl jauja --
_tCon las brujas --
_tCon las hormigas y la cigarra --
_tCon el cuervo y el coyote --
_tCon las ranas --
_tCon el León --
_tCon el camello --
_tCon el perro --
_tCon el corderito --
_tCon el gallo y la gallinas --
_tCon el zorro azul --
_tCon la cigüeña --
_tCon el burro --
_tCon el burro y el ratón --
590 _aInventariado, 2022/ YL
650 0 _aCuentos dominicanos
_9176
650 0 _aLiteratura dominicana.
_967
700 1 2 _aBrito Martínez, Braulio
_eil.
_972388
700 1 2 _aFermín, Andrés
_eil.
_982788
700 1 2 _aSuárez, Frank
_eil.
_910209
700 1 2 _aVargas, Domingo Nicolás
_eil.
_982789
700 1 2 _aNúñez, Ruddy
_eil.
_923171
830 0 _aBiblioteca Juvenil Tobogán ;
_n3
_972389
910 _aYLockward.
942 _2ddc
_cLBS1
999 _c52856
_d52856